00998 2200301 4500001002100000005001500021035002000036007000300056008004100059020002200100082001600122084001800138100002800156245016700184250003100351300004700382650002500429504003200454264003600486336002100522337003000543338002300573040002200596090002200618850001200640999002200652990002200674INLIS00000000089783220250716102246 a0010-0725000410ta250716s2025 yoia g ind d a978-623-8009-14-504223a617.632 a617.632 IKA i0 aIka AndrianiePengarang10aInovasi regenerasi periodontal :bmemanfaatkan kompleks membran karbonat hidroksi apatit dan human beta defensin-3 ditinjau dari kepadatan kolagen /cIka Andriani aCetakan Pertama : Mei 2025 axii, 60 halaman :bgambar , tabel ;c23 cm 4aPenyakit periodontal aBibliografi : halaman 51-6431aYogyakarta :bGramasurya,c2025 2rdacontentateks 2rdamediaatanpa perantara 2rdacarrieravolume aYOPDYOGbinderda aCB-D.11 2025-1890 aYOPDYOG aCB-D.11/2025-1890 aCB-D.11/2025-1890